Geometric aspects of functional analysis : (Record no. 12018)

MARC details
000 -LEADER
fixed length control field 01593cam a22003734i 4500
001 - CONTROL NUMBER
control field 12160668
003 - CONTROL NUMBER IDENTIFIER
control field EG-ScBUE
005 - DATE AND TIME OF LATEST TRANSACTION
control field 20250218111705.0
008 - FIXED-LENGTH DATA ELEMENTS--GENERAL INFORMATION
fixed length control field 000831t2000 gw a f 000 0 eng d
020 ## - INTERNATIONAL STANDARD BOOK NUMBER
International Standard Book Number 3540410708 (acidfree paper)
020 ## - INTERNATIONAL STANDARD BOOK NUMBER
International Standard Book Number 9783540410706
040 ## - CATALOGING SOURCE
Original cataloging agency EG-ScBUE
Language of cataloging eng
Description conventions rda
Transcribing agency EG-ScBUE
Modifying agency EG-ScBUE
082 04 - DEWEY DECIMAL CLASSIFICATION NUMBER
Classification number 515.732
Edition number 22
Item number LEC
245 00 - TITLE STATEMENT
Title Geometric aspects of functional analysis :
Remainder of title Israel seminar (GAFA) 1996-2000 /
Statement of responsibility, etc V. D. Milman, G. Schechtman (eds.)
264 #1 - PUBLICATION, DISTRIBUTION, ETC. (IMPRINT)
Place of publication, distribution, etc Berlin :
Name of publisher, distributor, etc Springer,
Date of publication, distribution, etc [2000]
264 #4 - PUBLICATION, DISTRIBUTION, ETC. (IMPRINT)
Date of publication, distribution, etc c2000
300 ## - PHYSICAL DESCRIPTION
Extent viii, 289 pages ;
Dimensions 24 cm.
336 ## - CONTENT TYPE
Source rdacontent
Content type term text
Content type code txt
337 ## - MEDIA TYPE
Media type term unmediated
Source rdamedia
Media type code n
338 ## - CARRIER TYPE
Carrier type term volume
Carrier type code nc
Source rdacarrier
490 1# - SERIES STATEMENT
Series statement Lecture notes in mathematics ;
Volume number/sequential designation 1745
650 #7 - SUBJECT ADDED ENTRY--TOPICAL TERM
Topical term or geographic name as entry element Convex geometry.
9 (RLIN) 6878
Source of heading or term BUEsh
650 #7 - SUBJECT ADDED ENTRY--TOPICAL TERM
Topical term or geographic name as entry element Discrete geometry.
9 (RLIN) 6879
Source of heading or term BUEsh
650 #7 - SUBJECT ADDED ENTRY--TOPICAL TERM
Topical term or geographic name as entry element Functional analysis.
9 (RLIN) 6880
Source of heading or term BUEsh
650 #7 - SUBJECT ADDED ENTRY--TOPICAL TERM
Topical term or geographic name as entry element Probabilities.
Source of heading or term BUEsh
655 ## - INDEX TERM--GENRE/FORM
Form subdivision Reading book
700 1# - ADDED ENTRY--PERSONAL NAME
Personal name Milman, Vitali D.,
Dates associated with a name 1939-
9 (RLIN) 6881
Relator term editor.
700 1# - ADDED ENTRY--PERSONAL NAME
Personal name Schechtman, Gideon,
Dates associated with a name 1947-
9 (RLIN) 6882
Relator term editor.
711 2# - ADDED ENTRY--MEETING NAME
Meeting name or jurisdiction name as entry element Israel Seminar on Geometrical Aspects of Functional Analysis
Date of meeting (1996-2000)
9 (RLIN) 6883
856 42 - ELECTRONIC LOCATION AND ACCESS
Materials specified Publisher description
Uniform Resource Identifier <a href="http://www.loc.gov/catdir/enhancements/fy0816/00046333-d.html">http://www.loc.gov/catdir/enhancements/fy0816/00046333-d.html</a>
856 41 - ELECTRONIC LOCATION AND ACCESS
Materials specified Table of contents only
Uniform Resource Identifier <a href="http://www.loc.gov/catdir/enhancements/fy0816/00046333-t.html">http://www.loc.gov/catdir/enhancements/fy0816/00046333-t.html</a>
942 ## - ADDED ENTRY ELEMENTS (KOHA)
Source of classification or shelving scheme Dewey Decimal Classification
Koha item type Book - Borrowing
Holdings
Withdrawn status Lost status Source of classification or shelving scheme Damaged status Not for loan Collection code Home library Current library Shelving location Date acquired Source of acquisition Cost, normal purchase price Total Checkouts Full call number Barcode Date last seen Price effective from Koha item type
    Dewey Decimal Classification     Alef-Baa Central Library Central Library First floor 24/06/2009   150.00   515.732 LEC 000017091 15/07/2025 24/06/2009 Book - Borrowing